LEADER 00722nam0-22002771i-450- 001 990001058580403321 005 20040702141139.0 035 $a000105858 035 $aFED01000105858 035 $a(Aleph)000105858FED01 035 $a000105858 100 $a20020001205??---km-y0itay50------ba 101 0 $afra 200 1 $aConvolution$eVol. III 210 $aParis$cCentre de Documentation Universitaire$dS.D. 610 0 $aFisica matematica 610 0 $aFisica teorica 676 $a530 700 1$aSchwartz,$bLaurent$03913 801 0$aIT$bUNINA$gRICA$2UNIMARC 901 $aBK 912 $a990001058580403321 952 $a20-002.01BF$b1036$fFI1 959 $aFI1 996 $aConvolution$9340375 997 $aUNINA LEADER 01730nam 2200529Ia 450 001 9910461268303321 005 20200520144314.0 010 $a1-4384-3457-X 010 $a1-4416-9231-2 035 $a(CKB)2670000000091753 035 $a(SSID)ssj0000472803 035 $a(PQKBManifestationID)11299801 035 $a(PQKBTitleCode)TC0000472803 035 $a(PQKBWorkID)10435227 035 $a(PQKB)10769806 035 $a(MiAaPQ)EBC3407111 035 $a(Au-PeEL)EBL3407111 035 $a(CaPaEBR)ebr10573972 035 $a(OCoLC)719371224 035 $a(EXLCZ)992670000000091753 100 $a20100729d2011 ub 0 101 0 $aeng 135 $aurcn||||||||| 181 $ctxt 182 $cc 183 $acr 200 00$aRiding the wind with Liezi$b[electronic resource] $enew perspectives on the Daoist classic /$fedited by Ronnie Littlejohn and Jeffrey Dippmann 210 $aAlbany $cState University of New York Press$dc2011 215 $avii, 264 p 225 1 $aSUNY series in Chinese philosophy and culture 300 $aBibliographic Level Mode of Issuance: Monograph 311 $a1-4384-3455-3 320 $aIncludes bibliographical references and index. 410 0$aSUNY series in Chinese philosophy and culture. 606 $aChinese literature$xHistory and criticism 608 $aElectronic books. 615 0$aChinese literature$xHistory and criticism. 676 $a299.5/1482 701 $aDippmann$b Jeffrey Walter$0887514 701 $aLittlejohn$b Ronnie$f1949-$0887515 801 0$bMiAaPQ 801 1$bMiAaPQ 801 2$bMiAaPQ 906 $aBOOK 912 $a9910461268303321 996 $aRiding the wind with Liezi$91982635 997 $aUNINA